ZEN WAY ; JESUS WAY /

Na minha lista:
Detalhes bibliográficos
Autor principal: Callaway, Tucker N. (autor)
Formato: Livro
Assuntos:
Tags: Adicionar Tag
Sem tags, seja o primeiro a adicionar uma tag!

MARC

LEADER 00000nam^a2200000^a^4500
001 000243836
005 20250521000000.0
009 20260310105353.324
035 |a 067487 
037 |a Acervo Xavier Clavigero 
082 |a 294. 3927  |b CAL 
100 |a Callaway, Tucker N.  |e (autor) 
245 1 0 |a ZEN WAY ; JESUS WAY /  |c TUCKER N. CALLAWAY 
264 |a RUTLAND :  |b CHARLES E. TUTTLE COMPANY,  |c 1976 
300 |a 263 p. 
336 |a texto  |b txt  |2 rdacontenido 
337 |a sin mediación  |b n  |2 rdamedio 
338 |a volumen  |b nc  |2 rdasoporte 
649 |a XX 
650 |a Zen (Secta) 
650 |a Sectas Budistas 
650 |a Jesucristo 
740 0 |a JESUS WAY 
910 |a Fondo General 
920 |a Impresos - Libros 
930 |a Colección General 
905 |a 101 
901 |a 067487  |b IT1  |c ACC  |i 067487  |u 20250521 
902 |a https://opac.biblio.iteso.mx/vufind/Record/000243836